15 największych miast w stanie Waszyngton - Statystyki

Ogólne statystyki
  • Ten quiz został rozwiązany 13 razy
  • Średni wynik to 4 z 15
Odpowiedzi na mapie
Odpowiedzi zakodowano w zielono-czerwonej skali na mapie do tego quizu, zgodnie z poniższymi procentami.
 
Statystyki odpowiedzi
Populacja Miasto % Poprawnych
780,995 Seattle
100%
113,011 Everett
50%
136,588 Kent
50%
230,609 Spokane
50%
108,267 Spokane Valley
50%
198,992 Vancouver
50%
85,513 Auburn
0%
154,377 Bellevue
0%
95,860 Bellingham
0%
100,252 Federal Way
0%
86,728 Kennewick
0%
95,499 Kirkland
0%
105,543 Renton
0%
228,202 Tacoma
0%
97,390 Yakima
0%
Nie znaleziono quizów pasujących do podanych kryteriów
Rozkład punktacji
Procent ludzi z każdym wynikiem
Percentyl według liczby udzielonych odpowiedzi
Twoja historia wyników
Nie rozwiązałeś tego quizu